|
|
|
|
| LEADER |
00000cam a2200000 7i4500 |
| 001 |
0000012975 |
| 005 |
20080107.0 |
| 008 |
080107 |
| 020 |
|
|
|a 9830993167
|
| 090 |
0 |
0 |
|a 297.57
|b ABU
|
| 100 |
0 |
|
|a Abu Ahmad Fatanah
|
| 245 |
1 |
0 |
|a 40 sifat yang dicintai Allah
|c Abu Ahmad Fatanah
|
| 246 |
0 |
|
|a Empat puluh sifat yang dicintai Allah
|
| 260 |
|
|
|a Kuala Lumpur :
|b Al-Hidayah Publishers ,
|c 2005
|
| 650 |
|
0 |
|a Islam
|x Doctrines
|
| 650 |
|
0 |
|a Muslim
|x Conduct of life
|
| 710 |
0 |
|
|a Title
|
| 999 |
|
|
|a 0000921649
|b Book
|c Adult Collection
|e Cawangan Bukit Gambir
|
| 999 |
|
|
|a 0000921651
|b Book
|c Adult Collection
|e Cawangan Bukit Gambir
|
| 999 |
|
|
|a 0000933886
|b Book
|c Adult Collection
|e Cawangan Tangkak
|
| 999 |
|
|
|a 0001008430
|b Book
|c Adult Collection
|e Perbadanan Perpustakaan Awam Johor
|
| 999 |
|
|
|a 0001008431
|b Book
|c Adult Collection
|e Perbadanan Perpustakaan Awam Johor
|